000 04734 a2200433 4500
005 20111108160023.0
010 _a B-443833-848
020 _a8170554853
_c375.00
035 _a B-443833-848
037 _bएलाईड पब्लि.
082 _a 820.8
100 _aपचौरी, सुधीश
_937556
245 1 _aउत्तर-आधुनिक साहित्य विमर्श /
_cसुधीश पचौरी
246 _a
_b
250 _a
260 _aनई दिल्ली
_bवाणी प्रकाशन,
_c2010
270 _a21-ए,दरियागंज
_bनई दिल्ली
_e110002
300 _a211पृ
_c22सेमी (सजिल्द)
490 _a
_937557
700 _a
_935748
942 _adpl
_cHN
_k
_2ddc
_mपचौरी
_h820.8
999 _c58230
_d58230